| 000 | 00894nam a2200265 a 4500 | ||
|---|---|---|---|
| 005 | 20180803164927.0 | ||
| 008 | 140120b1997 ck ||||| |||| 00| 0 spa d | ||
| 040 | _cCO-BoIH | ||
| 041 | _aspa | ||
| 090 |
_aIAvH _b00062 |
||
| 100 | 1 |
_aAlvarado Forero, Hernándo _94254 |
|
| 245 | 1 | 0 | _aEspecies hidrobiológicas continentales introducidas, transplantadas y su distribución en Colombia |
| 260 |
_aBogotá: _bInstituto Alexander von Humboldt, _bMinambiente, _c1997. |
||
| 300 |
_a152 p. _c28 cm. |
||
| 650 | 4 |
_aRecursos hidrobiológicos _92554 |
|
| 650 | 4 |
_aDistribución geográfica _928913 |
|
| 650 | 4 |
_aEspecies introducidas _928914 |
|
| 650 | 4 |
_aEspecies transplantadas _94255 |
|
| 650 | 6 |
_aBiodiversidad _992204 |
|
| 650 | 6 |
_aCuencas hidrográficas _992255 |
|
| 650 | 6 |
_aAcuicultura _928917 |
|
| 662 | _aColombia | ||
| 700 | 1 |
_aGutiérrez, Francisco de P. _94256 |
|
| 942 |
_cINFORME _2z |
||
| 999 |
_c1697 _d1697 |
||